The Future Starts Here /

Gespeichert in:
Bibliographische Detailangaben
Weitere Verfasser: Hyde, Rory (Herausgegeben von), Pestana, Mariana (Herausgegeben von), Long, Kieran (Herausgegeben von)
Format: Buch
Sprache:Englisch
Veröffentlicht: London : V&A Publishing, 2018
Ausgabe:1. vydanie
Schlagworte:
Tags: Tag hinzufügen
Keine Tags, Fügen Sie das erste Tag hinzu!

MARC

LEADER 00000nam a22000003a 4500
001 0089291
003 SK-STU
005 20210702150708.8
007 ta
008 210702s ----xo-----e------000-0-----d
020 |a 978-1-85177-907-9 
040 |a STU  |b slo 
041 0 |a eng 
044 |a xxk 
100 1 |a Hyde, Rory  |4 edt 
245 1 0 |a The Future Starts Here /  |c ed. Rory Hyde ; ed. Mariana Pestana, Kieran Long 
250 |a 1. vydanie 
260 |a London :  |b V&A Publishing,  |c 2018 
300 |a 168 s. 
650 0 7 |a design 
650 0 7 |a stratégia 
650 0 7 |a život človeka 
650 0 7 |a inovácie technologické a sociálne 
650 0 7 |a vplyv nových technológií 
650 0 7 |a spoločnosť 
650 0 7 |a dizajn produktový 
650 0 7 |a objekty 
700 1 |a Pestana, Mariana  |4 edt 
700 1 |a Long, Kieran  |4 edt 
996 |b 284AU08747  |c A* 12025/U  |l AAKNST  |s P  |a 0  |w 0089291_0001